[Event "Kings Gambit A"]
[Site "Lipetsk RUS"]
[Date "2008.07.15"]
[Round "7"]
[White "Slugin,S"]
[Black "Ajrapetian,G"]
[Result "1/2-1/2"]
[WhiteElo "2425"]
[BlackElo "2361"]

1.d4 Nf6 2.c4 e6 3.Nf3 Bb4+ 4.Bd2 c5 5.Bxb4 cxb4 6.g3 O-O 7.Bg2 d6 8.O-O Re8
9.a3 Nc6 10.axb4 Nxb4 11.Nc3 Bd7 12.Qb3 a5 13.Na2 Nxa2 14.Rxa2 Qc7 15.Nd2 Bc6
16.Rfa1 b6 17.Bxc6 Qxc6 18.Qa4 Rac8 19.b4 axb4 20.Qxb4 Ne4 21.Nxe4 Qxe4 22.Rd2 Qc6
23.Rc1 Rb8 24.Rb1 h6 25.Rdb2 Rec8 26.Rc1 b5 27.Rbc2 bxc4 28.Qxc4 Qxc4 29.Rxc4 Rxc4
30.Rxc4  1/2-1/2

[Event "Heart of Finland"]
[Site "Jyvaskyla FIN"]
[Date "2008.07.16"]
[Round "7"]
[White "Solozhenkin,E"]
[Black "Ivanov,SA"]
[Result "1/2-1/2"]
[WhiteElo "2511"]
[BlackElo "2312"]

1.d4 Nf6 2.c4 e6 3.Nf3 Bb4+ 4.Bd2 Bxd2+ 5.Qxd2 d5 6.g3 O-O 7.Bg2 Qe7 8.O-O Rd8
9.Qc2 c5 10.cxd5 cxd4 11.Nxd4 Nxd5 12.Nc3 Nb4 13.Qe4 N8c6 14.Rad1 Bd7 15.Ndb5 Be8
16.a3 a6 17.axb4 axb5 18.Nxb5 Ra4 19.Nd4 Nxd4 20.Rxd4 Rxd4 21.Qxd4 Rxb4 22.Qc3 h6
23.Ra1 Ba4 24.Bf3 f5 25.Rc1 Bc6 26.Qa3 Bxf3 27.exf3 Qf8 28.Rc7 Rb6 29.Qc3 Qf6
30.Rc8+ Kh7 31.Qxf6 gxf6 32.Rc2 e5 33.Kf1  1/2-1/2

[Event "Aegean Open"]
[Site "Aghios Kirykos GRE"]
[Date "2008.07.19"]
[Round "8"]
[White "Postny,E"]
[Black "Banikas,H"]
[Result "1/2-1/2"]
[WhiteElo "2661"]
[BlackElo "2571"]

1.d4 Nf6 2.c4 e6 3.Nf3 Bb4+ 4.Bd2 Qe7 5.g3 Nc6 6.Nc3 Bxc3 7.Bxc3 Ne4 8.Rc1 O-O
9.Bg2 d6 10.d5 Nxc3 11.Rxc3 Nb8 12.O-O e5 13.Nd2 Nd7 14.b4 f5 15.c5 e4 16.cxd6 cxd6
17.Qb3 Nf6  1/2-1/2

[Event "XXVI Andorra Open"]
[Site "La Massana AND"]
[Date "2008.07.20"]
[Round "2"]
[White "Raznikov,D"]
[Black "Comas Fabrego,L"]
[Result "1/2-1/2"]
[WhiteElo "2153"]
[BlackElo "2495"]

1.d4 e6 2.Nf3 Nf6 3.c4 Bb4+ 4.Bd2 a5 5.g3 d5 6.Qc2 Nc6 7.a3 Be7 8.Bg2 O-O
9.O-O Ne4 10.Be3 Nd6 11.cxd5 exd5 12.Ne5 Nxe5 13.dxe5 Nf5 14.Bc5 c6 15.Nd2 Bxc5
16.Qxc5 Qe7 17.Qxe7 Nxe7 18.b4 f6 19.exf6  1/2-1/2

[Event "19th Czech Chladek & Tintera A Open"]
[Site "Pardubice CZE"]
[Date "2008.07.21"]
[Round "4"]
[White "Babula,V"]
[Black "Volosin,V"]
[Result "1-0"]
[WhiteElo "2597"]
[BlackElo "2278"]

1.d4 Nf6 2.c4 e6 3.Nf3 Bb4+ 4.Bd2 Qe7 5.g3 Bxd2+ 6.Qxd2 Ne4 7.Qc2 Qb4+ 8.Nbd2 Nxd2
9.Nxd2 Qe7 10.Bg2 d6 11.Rd1 Nd7 12.Nb1 O-O 13.Nc3 c6 14.O-O d5 15.e4 dxc4
16.e5 Nb6 17.Ne4 Rd8 18.Rfe1 Bd7 19.Nc5 Be8 20.Re4 Nd5 21.Rh4 f5 22.exf6 Nxf6
23.Re1 Bf7 24.Qxc4 Rd6 25.Ne4 Nxe4 26.Bxe4 g6 27.Bc2 Rad8 28.Qc3 Qf6 29.Re5 Rd5
30.Bb3 Rxe5 31.dxe5 Qe7 32.Qe3 c5 33.Rf4 b5 34.h4 c4 35.Bc2 Qd7 36.h5 Qd2
37.Qxa7 Rf8 38.hxg6 hxg6 39.Be4 Qxb2 40.Qc5 Qc1+ 41.Kg2 Qd2 42.Qxb5 c3 43.Qc5 Rd8
44.a4 Qd4 45.Qe7 Rf8 46.Bxg6 Qxf4 47.Bh7+ Kxh7 48.gxf4 Kg7 49.Qc7 Ra8 50.Qxc3 Rxa4
51.f5 Rg4+ 52.Kf1 Kh7 53.Qh3+  1-0

[Event "19th Czech Chladek & Tintera A Open"]
[Site "Pardubice CZE"]
[Date "2008.07.21"]
[Round "4"]
[White "Ageichenko,G"]
[Black "Haba,P"]
[Result "1/2-1/2"]
[WhiteElo "2384"]
[BlackElo "2570"]

1.d4 e6 2.Nf3 Nf6 3.c4 Bb4+ 4.Bd2 Qe7 5.Nc3 b6 6.e3 Bb7 7.Bd3 O-O 8.O-O d6
9.a3 Bxc3 10.Bxc3 Ne4 11.Bxe4 Bxe4 12.Nd2 Bg6 13.e4 e5 14.d5 Nd7 15.b4 f5
16.exf5 Rxf5 17.Qe2 Raf8 18.f3 b5 19.cxb5 Nb6 20.Ne4 Nxd5 21.Bd2 Nf4 22.Bxf4 exf4
23.Qf2 Rxb5 24.Qxa7 Bxe4 25.Rae1 Re5 26.Rxe4 Rxe4 27.fxe4 Qxe4 28.Qxc7 d5
29.Qc3 h6 30.Qf3 Qd4+ 31.Kh1 Re8 32.h3 Re3 33.Qxf4 Qxf4 34.Rxf4 Rxa3 35.Rd4 Rb3
36.Rxd5 Rxb4  1/2-1/2

[Event "Politiken Cup"]
[Site "Helsingor DEN"]
[Date "2008.07.24"]
[Round "7"]
[White "Johansson,Al"]
[Black "Moen,A"]
[Result "0-1"]
[WhiteElo "2060"]
[BlackElo "2297"]

1.d4 Nf6 2.c4 e6 3.Nf3 Bb4+ 4.Bd2 Qe7 5.a3 Bxd2+ 6.Qxd2 b6 7.Nc3 Bb7 8.g3 O-O
9.Bg2 d6 10.O-O Nbd7 11.Rfd1 Ne4 12.Nxe4 Bxe4 13.Qe3 f5 14.Rac1 Rae8 15.b4 Nf6
16.h3 h6 17.Re1 e5 18.dxe5 dxe5 19.Qb3 f4 20.Nd2 Bxg2 21.Kxg2 e4 22.gxf4 Nh5
23.e3 Rd8 24.c5+ Kh8 25.Nc4 Qe6 26.Qc2 Rxf4 27.Rh1 Rf3 28.Qb2 Qg6+ 29.Kh2 Rd5
30.Qe2 Qe6 31.Qf1 Rdf5 32.Rc2 b5 33.Rg1 bxc4 34.Re2 c3 35.Rc2 Qb3 36.Qe2 Rxf2+
37.Qxf2 Rxf2+ 38.Rxf2 c2 39.Rc1 Qxe3 40.Rcxc2 Qg3+  0-1

[Event "19th Czech Chladek & Tintera A Open"]
[Site "Pardubice CZE"]
[Date "2008.07.24"]
[Round "7"]
[White "Babula,V"]
[Black "Stocek,J"]
[Result "1/2-1/2"]
[WhiteElo "2597"]
[BlackElo "2559"]

1.d4 Nf6 2.c4 e6 3.Nf3 Bb4+ 4.Bd2 a5 5.g3 d5 6.Qc2 O-O 7.Bg2 Nbd7 8.O-O c6
9.Bxb4 axb4 10.Nbd2 Re8 11.Rfe1 h6 12.Qb3 Qe7 13.Rac1 Qf8 14.e3 Ra6 15.Red1 Ra8
16.Ne1 e5 17.cxd5 Nxd5 18.Bxd5 cxd5 19.Nd3 exd4 20.exd4 Nf6 21.Nxb4 Bg4 22.Re1 Rxe1+
23.Rxe1 Re8 24.Re5 Ne4 25.Nf3 Bxf3 26.Rxe8 Qxe8 27.Qxf3 Nxg3 28.hxg3 Qe1+
29.Kg2 Qxb4 30.Qxd5 Qxb2 31.a4 g6 32.a5 h5 33.Qe5 Qb3 34.Qc5 Qe6 35.d5 Qe4+
36.Kh2 h4 37.d6 hxg3+ 38.Kxg3 Qd3+ 39.f3 Qd1 40.Kg4 Qd2 41.Kh3 Qd3 42.Qc8+ Kg7
43.Qxb7 Qf5+ 44.Kg2 Qg5+ 45.Kf1 Qc1+ 46.Kg2  1/2-1/2

[Event "41st Festival MTO"]
[Site "Biel SUI"]
[Date "2008.07.25"]
[Round "5"]
[White "Li,J"]
[Black "Lienhard,A"]
[Result "1-0"]
[WhiteElo "2060"]
[BlackElo "1817"]

1.d4 Nf6 2.Nf3 e6 3.c4 Bb4+ 4.Bd2 Qe7 5.g3 Nc6 6.Bg2 Bxd2+ 7.Qxd2 Ne4 8.Qc2 Qb4+
9.Nbd2 Nxd2 10.Qxd2 Qxc4 11.O-O O-O 12.Rfd1 d6 13.a3 Bd7 14.e4 Qb5 15.Rac1 Rac8
16.b4 Rfd8 17.d5 exd5 18.exd5 Ne7 19.Qg5 f6 20.Qh5 Nf5 21.g4 g6 22.Qh3 Ng7
23.Qh4 Rf8 24.Nd4 Qb6 25.Rc3 g5 26.Qg3 Rce8 27.h4 Re5 28.Nf3 Re4 29.Bh3 h5
30.hxg5 hxg4 31.Nd2 Nf5 32.Qg2 Rf4 33.gxf6 Kf7 34.Qh2 g3 35.Rxg3 Nxg3 36.Bxd7 Kxf6
37.Re1 Nh5 38.Re6+ Kg7 39.Qg2+  1-0

[Event "ZMD Open"]
[Site "Dresden GER"]
[Date "2008.07.25"]
[Round "7"]
[White "Horvath,P1"]
[Black "Graf,F"]
[Result "0-1"]
[WhiteElo "2490"]
[BlackElo "2256"]

1.d4 Nf6 2.c4 e6 3.Nf3 Bb4+ 4.Bd2 Qe7 5.g3 Nc6 6.Nc3 O-O 7.Bg2 Na5 8.b3 b6
9.O-O Bb7 10.Qc2 Rac8 11.Rfd1 d5 12.cxd5 exd5 13.Bh3 Rce8 14.Bg5 c5 15.a3 Bxc3
16.Qxc3 h6 17.Bxf6 Qxf6 18.Rac1 Rxe2 19.Bf1 Ra2 20.b4 cxd4 21.Rxd4 Nc4 22.Rf4 Qxc3
23.Rxc3 Ra1 24.Kg2 Rc8 25.Rd4 Rxf1 26.Kxf1 Nd2+ 27.Nxd2 Rxc3 28.a4 Ra3 29.b5 Kf8
30.Ke2 Ke7 31.f4 Ke6 32.Nf3 f6 33.Nd2 a6 34.bxa6 Bxa6+ 35.Kf2 Kd6 36.f5 Ke5
37.Rf4 Ra2 38.Ke1 Bd3 39.Nf3+ Kd6 40.Nd2 h5 41.Nf3 Re2+ 42.Kd1 Re4 43.Rxe4 Bxe4
44.Nd4 Ke5 45.Nc6+ Kxf5 46.Ne7+ Kg4 47.Nc8 Kh3 48.Ke2 d4 49.Nxb6 Kxh2  0-1

[Event "83rd ch-ARG s/f"]
[Site "Buenos Aires ARG"]
[Date "2008.07.26"]
[Round "6"]
[White "Perelman,H"]
[Black "Mahia,G"]
[Result "1/2-1/2"]
[WhiteElo "2360"]
[BlackElo "2441"]

1.d4 Nf6 2.Nf3 e6 3.c4 Bb4+ 4.Bd2 c5 5.Bxb4 cxb4 6.g3 O-O 7.Bg2 d6 8.Qb3 a5
9.a3 Na6 10.O-O Qc7 11.axb4 Nxb4 12.Na3 Bd7 13.Rac1 Rac8 14.Qe3 b6 15.Rfd1 Rfe8
16.h3 h6 17.g4 Ba4 18.Re1 Qb8 19.Nd2 d5 20.b3 Bc6 21.Nf3 dxc4 22.Nxc4 Red8
23.Qe5 Qxe5 24.Nfxe5 Bxg2 25.Kxg2 Nfd5 26.Kg3 f6 27.Rcd1 g5 28.Rd2 a4 29.Rb2 b5
30.Na3 Ra8 31.bxa4 Rxa4 32.Nxb5 Nf4 33.Nc3 Ra3 34.Reb1  1/2-1/2

[Event "Politiken Cup"]
[Site "Helsingor DEN"]
[Date "2008.07.26"]
[Round "9"]
[White "Henrichsen,J"]
[Black "Rosenkilde,A"]
[Result "0-1"]
[WhiteElo "1966"]
[BlackElo "2156"]

1.d4 Nf6 2.c4 e6 3.Nf3 Bb4+ 4.Bd2 Qe7 5.Nc3 Nc6 6.e3 Bxc3 7.Bxc3 Ne4 8.Rc1 O-O
9.d5 Nxc3 10.Rxc3 Nb8 11.d6 cxd6 12.Rd3 b6 13.Rxd6 Bb7 14.Rd2 Rd8 15.Be2 d6
16.O-O Nc6 17.Qa4 Rac8 18.Rc1 Na5 19.Qd1 Bxf3 20.gxf3 g5 21.b3 Nc6 22.Qf1 Ne5
23.Rcd1 Rd7 24.Qh3 Kg7 25.Qg3 Ng6 26.Kh1 Kh8 27.Rg1 h6 28.Qh3 Kg7 29.Bd3 f5
30.Qg3 d5 31.h4 dxc4 32.hxg5 hxg5 33.f4 Rxd3 34.Rc2 c3 35.fxg5 Qb7+ 36.f3 Rxe3
37.Rgc1 Rxf3  0-1

[Event "1st Open"]
[Site "Paleochora GRE"]
[Date "2008.07.27"]
[Round "8"]
[White "Lekic,D"]
[Black "Perunovic,Mil"]
[Result "0-1"]
[WhiteElo "2377"]
[BlackElo "2589"]

1.d4 Nf6 2.c4 e6 3.Nf3 Bb4+ 4.Bd2 c5 5.Bxb4 cxb4 6.g3 O-O 7.Bg2 d6 8.Qb3 a5
9.Nbd2 Na6 10.O-O Qc7 11.h3 b6 12.Nh4 Bb7 13.e4 e5 14.d5 Rae8 15.Rae1 Nc5
16.Qe3 Qd8 17.a3 bxa3 18.bxa3 Ba6 19.Rb1 g6 20.Qh6 Kh8 21.Rfe1 Nfd7 22.Bf3 Nf6
23.Bg4 Qc7 24.Qe3 Kg8 25.Be2 Bc8 26.g4 Qd8 27.Ng2 Nfd7 28.Qg3 Re7 29.Kh2 f5
30.gxf5 Nf6 31.Bg4 Rg7 32.fxg6 Rxg6 33.f3 Kg7 34.Rg1 Bxg4 35.Nh4 Nh5 36.Qf2 Nd3
37.Nxg6 Nxf2 38.Nxf8  0-1

[Event "13th Open"]
[Site "Creon FRA"]
[Date "2008.07.29"]
[Round "2"]
[White "Hedjazian,K"]
[Black "Inkiov,V"]
[Result "0-1"]
[WhiteElo "2087"]
[BlackElo "2446"]

1.d4 Nf6 2.c4 e6 3.Nf3 Bb4+ 4.Bd2 Qe7 5.g3 Bxd2+ 6.Nbxd2 d6 7.Bg2 e5 8.Qb3 O-O
9.e3 c5 10.O-O Nc6 11.dxe5 dxe5 12.Nb1 e4 13.Nfd2 Rd8 14.a3 Bg4 15.Re1 Ne5
16.Nxe4 Bf3 17.Nxf6+ Qxf6 18.Qc2 Bxg2 19.Kxg2 Qf3+ 20.Kg1 Qc6 21.Rd1 Nf3+
22.Kf1 Nxh2+ 23.Kg1 Nf3+ 24.Kf1 Qh6 25.Nc3 Qh3+ 26.Ke2 Qh5 27.Kf1 Ng5 28.Nd5 Qh1+
29.Ke2 Qf3+ 30.Kf1 Ne4 31.Kg1 h5 32.b4 h4 33.gxh4 Qg4+ 34.Kf1 Qxh4 35.bxc5 Rac8
36.Nf4 Qh1+ 37.Ke2 Ng3+ 38.fxg3 Qh2+  0-1

[Event "Dutch Open"]
[Site "Dieren NED"]
[Date "2008.07.31"]
[Round "9"]
[White "Goudriaan,E"]
[Black "Ten Hagen,Y"]
[Result "1/2-1/2"]
[WhiteElo "2098"]
[BlackElo "2152"]

1.d4 Nf6 2.Nf3 e6 3.c4 Bb4+ 4.Bd2 Qe7 5.Nc3 O-O 6.e3 b6 7.Bd3 Bb7 8.Qc2 c5
9.a3 cxd4 10.axb4 dxc3 11.Bxc3 Nc6 12.Ra4 e5 13.Ng5 h6 14.Ne4 Nxe4 15.Bxe4 d6
16.O-O g6 17.Rfa1 f5 18.Bd5+ Kh7 19.b5 Na5 20.Bxb7 Qxb7 21.Bxa5 bxa5 22.Qd2 f4
23.exf4 Rxf4 24.Qxa5 Rf7 25.b6 Raf8 26.bxa7 Rxf2 27.Qd5 Qb6 28.c5 Qb5 29.h3 e4
30.Rxe4 Rxg2+ 31.Kxg2 Qxb2+ 32.Re2 Qxe2+ 33.Kh1 Rf1+ 34.Rxf1 Qxf1+ 35.Kh2 Qf2+
36.Qg2 Qf4+ 37.Kh1 Qc1+ 38.Qg1 Qa3 39.Kh2 dxc5 40.a8=Q Qxa8 41.Qxc5 Qb7 42.Qe5 Qf7
43.Kg3 Qa7 44.Kg2 h5 45.Qf6 Qa2+ 46.Kg3 Qb3+ 47.Kg2 Qc2+ 48.Kg3 Qd3+ 49.Kg2 Qf5
50.Qe7+ Kh6 51.Kg3 Qd3+ 52.Kg2 Qd5+ 53.Kg3 Qf5 54.h4 Qd3+ 55.Kg2 Qd2+ 56.Kg3 Qc3+
57.Kg2 Qc2+  1/2-1/2

[Event "17th Open"]
[Site "Kavala GRE"]
[Date "2008.07.31"]
[Round "1"]
[White "Davarashvili,N"]
[Black "Bosiocic,Mari"]
[Result "1/2-1/2"]
[WhiteElo "2221"]
[BlackElo "2540"]

1.d4 Nf6 2.c4 e6 3.Nf3 Bb4+ 4.Bd2 a5 5.Nc3 O-O 6.e3 b6 7.Bd3 Bb7 8.O-O d6
9.Qe2 Nbd7 10.e4 e5 11.d5 Nc5 12.Bc2 Bc8 13.b3 Nh5 14.a3 Nf4 15.Qe3 Bxc3
16.Bxc3 a4 17.b4 Nb3 18.Rae1 Qf6 19.g3 Bh3 20.gxf4 exf4 21.Bxf6 fxe3 22.Bc3 Bxf1
23.Kxf1 exf2 24.Kxf2 f6 25.Rg1 Rac8 26.Bxb3 axb3 27.Nd4 Rfe8 28.Ne6 g6 29.b5 Re7
30.Ke3 Rf7 31.h4 Ra8 32.Bb2 Ra4 33.Kd4 f5 34.h5 fxe4 35.hxg6 Rf2 36.Kc3  1/2-1/2

[Event "17th Open"]
[Site "Kavala GRE"]
[Date "2008.07.31"]
[Round "1"]
[White "Halkias,S"]
[Black "Galopoulos,N"]
[Result "1-0"]
[WhiteElo "2579"]
[BlackElo "2270"]

1.Nf3 Nf6 2.c4 e6 3.d4 Bb4+ 4.Bd2 Qe7 5.g3 Nc6 6.Nc3 e5 7.dxe5 Nxe5 8.Nxe5 Qxe5
9.Bg2 O-O 10.O-O d6 11.a3 Ba5 12.Bf4 Qh5 13.Nd5 Nxd5 14.Qxd5 Qxd5 15.Bxd5 Be6
16.Rfd1 Bxd5 17.Rxd5 Bb6 18.b4 Rfe8 19.e3 a5 20.Rdd1 h6 21.h4 Re7 22.Kf1 Kh7
23.Rdc1 axb4 24.axb4 Rxa1 25.Rxa1 Kg6 26.Ke2 Bd4 27.Ra8 Bc3 28.b5 Be5 29.Bxe5 Rxe5
30.Kd3 Re7 31.Rb8 b6 32.e4 Kf6 33.Kd4 Ke6 34.Rg8 f6 35.Rf8 Rd7 36.h5 Re7
37.f4 Rd7 38.Re8+ Kf7 39.Rc8 Ke6 40.f5+ Kf7 41.Kd5 Re7  1-0

[Event "Arctic Chess Challenge"]
[Site "Tromso NOR"]
[Date "2008.08.02"]
[Round "1"]
[White "Sjol,H"]
[Black "Royset,P"]
[Result "1/2-1/2"]
[WhiteElo "1860"]
[BlackElo "2234"]

1.d4 Nf6 2.Nf3 e6 3.c4 Bb4+ 4.Bd2 Bxd2+ 5.Qxd2 O-O 6.Nc3 d6 7.g3 Qe7 8.Bg2 Nc6
9.O-O a6 10.Rac1 Bd7 11.Rfd1 Na5 12.b3 Rab8 13.Ne5 Be8 14.Nd3 Nc6 15.d5 Nd8
16.e4 e5 17.b4 b6 18.c5 bxc5 19.bxc5 dxc5 20.Qc2 Rb6 21.Na4 Bxa4 22.Qxa4 Nb7
23.Qa3 Nd7 24.Bh3 Nf6 25.Bg2 Rd8 26.Qc3 Nd7 27.Bh3 f6 28.Bxd7 Rxd7 29.Nxc5 Nxc5
30.Qxc5 Qxc5 31.Rxc5 c6 32.Kg2 cxd5 33.Rcxd5 Rxd5 34.Rxd5 Rb4 35.Ra5 Rxe4
36.Rxa6 Kf7 37.a4 g5 38.h3 h5 39.Kf3 Rb4 40.a5 Kg6 41.Ra8 Rb3+ 42.Kg2 e4
43.Re8 Kf5 44.Rh8 Ra3 45.Rxh5 Rxa5 46.Rh8 Ra2  1/2-1/2

[Event "Abkhasian Open"]
[Site "Sukhumi GEO"]
[Date "2008.08.04"]
[Round "2"]
[White "Kopeikin,Y"]
[Black "Elizarov,D"]
[Result "0-1"]
[WhiteElo "2107"]
[BlackElo "2334"]

1.d4 Nf6 2.c4 e6 3.Nf3 Bb4+ 4.Bd2 Be7 5.Nc3 d5 6.Bg5 c6 7.e3 O-O 8.Bd3 dxc4
9.Bxc4 b5 10.Bb3 b4 11.Na4 Ba6 12.Qc2 Qa5 13.Ne5 Bb5 14.Nc5 Na6 15.Bxf6 gxf6
16.Ned7 Nxc5 17.Nxc5 Kh8 18.O-O-O Qc7 19.Kb1 Bxc5 20.dxc5 Qe5 21.Rd7 a5 22.Ba4 Bxa4
23.Qxa4 Qe4+ 24.Qc2 Qxg2 25.Rhd1 a4 26.f4 Qf3 27.Qd3 Qh5 28.Qd6 a3 29.e4 Qxh2
30.Qd2 Qxd2 31.R1xd2 Ra5 32.Rb7 axb2 33.Rxb4 Rxc5 34.Kxb2 Rb5 35.Kc3 Ra8
36.a4 Rba5 37.Rd7 Rxa4 38.Rxf7 Rxb4 39.Kxb4 Re8 40.Kc5 h5 41.Kxc6 h4 42.Kd6 h3
43.Ra7 e5 44.Ra3 exf4 45.Rxh3+ Kg7 46.Kd5 Kg6 47.Kd4 Kg5 48.Rh7 Rd8+ 49.Kc3 f3
50.Rg7+ Kf4 51.Rg6 f2  0-1

[Event "95th ch-GBR"]
[Site "Liverpool ENG"]
[Date "2008.08.05"]
[Round "8"]
[White "Gormally,D"]
[Black "Lalic,B"]
[Result "1/2-1/2"]
[WhiteElo "2504"]
[BlackElo "2533"]

1.d4 Nf6 2.Nf3 e6 3.c4 Bb4+ 4.Bd2 c5 5.Bxb4 cxb4 6.g3 O-O 7.Bg2 d6 8.O-O Nc6
9.Nbd2 e5 10.d5 Nb8 11.a3 Na6 12.Qb3 bxa3 13.Qxa3 Qb6 14.Rfc1 Bg4 15.e3 Rfc8
16.Ne1 Nb4 17.Nc2 Nxc2 18.Rxc2 a5 19.b3 h6 20.h3 Bd7 21.Rb2 Qc7 22.Rc1 b5
23.Rbc2 b4 24.Qa1  1/2-1/2

[Event "Abkhasian Open"]
[Site "Sukhumi GEO"]
[Date "2008.08.05"]
[Round "3"]
[White "Shutukov,S"]
[Black "Zakharov,And"]
[Result "1/2-1/2"]
[WhiteElo "2360"]
[BlackElo "2211"]

1.d4 Nf6 2.Nf3 e6 3.c4 Bb4+ 4.Bd2 Qe7 5.g3 b6 6.Bg2 Bb7 7.O-O Bxd2 8.Qxd2 O-O
9.Nc3 Ne4 10.Qc2 Nxc3 11.Qxc3 d6 12.Rad1 Nd7 13.Rfe1 Be4 14.Bf1 a5 15.Nd2 Bb7
16.e4 e5 17.d5 Rae8 18.b3 Bc8 19.a3 Qg5 20.b4 axb4 21.axb4 f5 22.exf5 Qxf5
23.Ne4 Nf6 24.Nxf6+ Rxf6 25.Rd2 Ref8 26.c5 bxc5 27.bxc5 Qh5 28.Re4 Qf7 29.Qe3 Rf3
30.Qe1 Bf5 31.Re3 Rxe3 32.Qxe3 Ra8 33.Qc3 Rb8 34.Bd3 e4 35.Bc2 e3 36.Qxe3 Bxc2
37.Rxc2 Rb1+ 38.Kg2 Qxd5+ 39.f3 h6 40.cxd6 cxd6 41.Rd2 Qb5  1/2-1/2

[Event "IX Miquel Mas de Figueres Open"]
[Site "Castell de Sant Ferran ESP"]
[Date "2008.08.06"]
[Round "6"]
[White "Mundet Riera,Ja"]
[Black "Fernandez Garcia,France"]
[Result "1-0"]
[WhiteElo "2165"]
[BlackElo "2037"]

1.d4 Nf6 2.c4 e6 3.Nf3 Bb4+ 4.Bd2 Qe7 5.e3 Ne4 6.Bd3 Nxd2 7.Nbxd2 c6 8.O-O Ba5
9.Qc2 Bc7 10.e4 d6 11.e5 Nd7 12.exd6 Bxd6 13.Rfe1 Nf6 14.Ne4 Bc7 15.d5 cxd5
16.Nxf6+ gxf6 17.cxd5 O-O 18.Bxh7+ Kg7 19.dxe6 fxe6 20.Qg6+ Kh8 21.Qh6 Qg7
22.Qxg7+ Kxg7 23.Be4 f5 24.Bc2 Kf6 25.Rad1 e5 26.Bb3 Re8 27.Rd5 Be6 28.Rb5 Bxb3
29.Rxb3 Bb6 30.Rb5 e4 31.Nh4 Re5 32.Rxe5 Kxe5 33.Ng6+ Kf6 34.Nf4 Rd8 35.g3 Rd2
36.Re2 Rd1+ 37.Kg2 Bd4 38.Nd5+ Ke5 39.Ne3 Rb1 40.b3 b5 41.h3 Rc1 42.Nc2 Bb6
43.Rd2 a5 44.Na3 Rc5 45.Rc2 Rd5 46.Rc6 Bd8 47.Nc2 Rd2 48.Ne3 Be7 49.Rb6 Bc5
50.Rxb5 Kd4 51.Nxf5+ Kd5 52.Ne3+ Kc6 53.Rxc5+ Kxc5 54.h4 Rxa2 55.h5 Rb2 56.g4 Rxb3
57.h6 a4 58.h7 Rb8 59.g5  1-0

[Event "95th ch-GBR"]
[Site "Liverpool ENG"]
[Date "2008.08.06"]
[Round "9"]
[White "Buckley,G"]
[Black "Briscoe,C"]
[Result "1-0"]
[WhiteElo "2401"]
[BlackElo "2232"]

1.d4 Nf6 2.c4 e6 3.Nf3 Bb4+ 4.Bd2 Qe7 5.Nc3 O-O 6.g3 d5 7.Bg2 dxc4 8.O-O c5
9.dxc5 e5 10.Rc1 Rd8 11.Qa4 Bxc5 12.Bg5 Nc6 13.Qxc4 Be6 14.Qa4 h6 15.Bxf6 gxf6
16.Qh4 Kg7 17.Ne4 Bb6 18.Rxc6 bxc6 19.Nxe5 Rac8 20.Rc1 Bf5 21.Ng4 Rh8 22.Nexf6 h5
23.Qg5+ Bg6 24.Nxh5+ Kf8 25.Nhf6 Qxe2 26.h4 Rd8 27.h5 Bxh5 28.Nxh5 Bxf2+
29.Nxf2 Rd2 30.Qc5+ Kg8 31.Nf6+ Kg7 32.N6e4 Rxb2 33.Qe5+ Kg8 34.Nf6+ Kf8
35.Nd7+ Kg8 36.Qg5+ Kh7 37.Nf6+  1-0

[Event "Abkhasian Open"]
[Site "Sukhumi GEO"]
[Date "2008.08.06"]
[Round "4"]
[White "Kopeikin,Y"]
[Black "Bronnikov,K1"]
[Result "0-1"]
[WhiteElo "2107"]
[BlackElo "2210"]

1.d4 Nf6 2.c4 e6 3.Nf3 Bb4+ 4.Bd2 Qe7 5.Nc3 Bxc3 6.Bxc3 Ne4 7.Qc2 Nxc3 8.Qxc3 O-O
9.e4 d6 10.e5 c5 11.dxc5 dxe5 12.Qxe5 Nc6 13.Qd6 Qf6 14.Qd2 Rd8 15.Qc2 e5
16.Bd3 g6 17.a3 Qe7 18.b4 e4 19.Bxe4 f5 20.O-O fxe4 21.Rfe1 Bf5 22.Qe2 Qf6
23.Nd2 Nd4 24.Qe3 Nc2 25.Nxe4 Qxa1  0-1

[Event "Najdorf Memorial Open"]
[Site "Warsaw POL"]
[Date "2008.08.06"]
[Round "5"]
[White "Krasiewicz,R"]
[Black "Warakomska,A"]
[Result "0-1"]
[WhiteElo "2136"]
[BlackElo "2211"]

1.d4 Nf6 2.Nf3 e6 3.c4 Bb4+ 4.Bd2 a5 5.g3 d6 6.Bg2 Nbd7 7.O-O e5 8.Nc3 O-O
9.e3 c6 10.a3 Bxc3 11.Bxc3 Ne4 12.Rc1 Nxc3 13.Rxc3 a4 14.dxe5 dxe5 15.h4 Qe7
16.Ng5 Nc5 17.Qh5 Bf5 18.e4 Bg6 19.Qg4 h6 20.Nh3 Rad8 21.h5 Bh7 22.Qe2 Rd4
23.f3 Rfd8 24.Rf2 Nb3 25.Bf1 Qd6 26.Qe3 c5 27.Rxb3 axb3 28.Qxb3 b6 29.Rc2 f5
30.Nf2 fxe4 31.Nxe4 Bxe4 32.fxe4 Rxe4 33.Bg2 Qd1+ 34.Kh2 Qxh5+ 35.Bh3 Re2+
36.Rxe2 Qxe2+ 37.Bg2 Rd2  0-1

[Event "IX Miquel Mas de Figueres Open"]
[Site "Castell de Sant Ferran ESP"]
[Date "2008.08.07"]
[Round "7"]
[White "Sabria Batlle,P"]
[Black "Pruja Ramirez de Cartagena,M"]
[Result "1-0"]
[WhiteElo "2117"]
[BlackElo "2136"]

1.d4 Nf6 2.c4 e6 3.Nf3 Bb4+ 4.Bd2 Qe7 5.a3 Bxd2+ 6.Nbxd2 O-O 7.Qc2 d6 8.e3 Nbd7
9.Bd3 e5 10.O-O Re8 11.e4 c5 12.d5 Nf8 13.b4 Ng6 14.bxc5 dxc5 15.g3 h5 16.h4 Ng4
17.Rfb1 Nf8 18.Bf1 Nh6 19.Bg2 f6 20.Nf1 Nf7 21.Ne3 g6 22.Ne1 Nd6 23.Nd3 Qc7
24.Qd1 Nd7 25.a4 a5 26.Qb3 b6 27.f3 Rb8 28.Rb2 Rb7 29.Nd1 f5 30.Nc3 Nf6 31.Re1 fxe4
32.Nxe4 Ndxe4 33.fxe4 Ng4 34.Rf1 Qd6 35.Nf2 Rf8 36.Nxg4 Bxg4 37.Rbf2 Rbf7
38.Rxf7 Rxf7 39.Rxf7 Kxf7 40.Kh2 Qf6 41.Qe3 Bd7 42.Bh3 Bxa4 43.Qh6 Ke7 44.Qh7+ Qf7
45.d6+ Ke8 46.Qh8+ Qf8 47.d7+ Bxd7 48.Bxd7+ Ke7 49.Qxf8+ Kxf8 50.Ba4 Ke7
51.g4 Kf6 52.gxh5 gxh5 53.Kg2 Kg6 54.Kf2 Kf6 55.Ke3  1-0

[Event "XVII TCh-MKD"]
[Site "Struga MKD"]
[Date "2008.08.07"]
[Round "4"]
[White "Mitkov,M"]
[Black "Nestorovic,De"]
[Result "0-1"]
[WhiteElo "2382"]
[BlackElo "2427"]

1.d4 Nf6 2.c4 e6 3.Nf3 Bb4+ 4.Bd2 Qe7 5.g3 O-O 6.Bg2 Bxd2+ 7.Qxd2 d6 8.Nc3 e5
9.O-O c6 10.dxe5 dxe5 11.Rfd1 Bg4 12.Qd6 Qxd6 13.Rxd6 Nbd7 14.Rad1 Bxf3 15.Bxf3 Nc5
16.b4 Ne6 17.b5 cxb5 18.cxb5 Nc5 19.Nd5 e4 20.Nxf6+ gxf6 21.Bg4 Kg7 22.R1d5 b6
23.Rf5 Ne6 24.Rh5 Rfd8 25.Rxd8 Rxd8 26.Bf5 h6 27.Bxe4 Rd2 28.Bd3 Rxa2 29.Rh4 Nc5
30.Bc4 Ra4 31.Kg2 Rb4 32.Rf4 Nb7 33.Bd3 Rxf4 34.gxf4 Nd6 35.Kf3 f5 36.Ke3 Kf6
37.Kd4 Ke6 38.f3 f6 39.Bc4+ Kd7 40.e4 fxe4 41.fxe4 Ne8 42.e5 f5 43.Ke3 Ke7
44.Kf3 Kd7 45.Kg3 Ke7 46.Kh4 Ng7 47.Bd5 Kd7 48.Bg8 Ke7 49.Kg3 Kf8 50.Bh7 Ke7
51.Bg6 Ke6 52.Kf3 Kd5 53.Ke3 Kc5 54.Bf7 Kxb5 55.Kd4 Kc6 56.Bd5+ Kd7 57.Bc4 Ke7
58.Bd3 a5 59.Kc4 Kd7 60.Kd5 Ke7 61.Kc4 Ke6 62.Kd4 Nh5 63.Bc4+ Ke7 64.Bd3 Nxf4
65.Bxf5 a4 66.Kc4 Ne6 67.Be4 Nc7 68.Kb4 b5 69.Bf5 Nd5+ 70.Ka3 Kd8 71.Bd3 Nc7
72.Bh7 Kd7 73.Bg8 Kc6 74.Bf7 Kc5 75.h4 Nd5 76.Be8 Nb6 77.e6 b4+ 78.Ka2 Kd6  0-1

[Event "12th HZ Open"]
[Site "Vlissingen NED"]
[Date "2008.08.08"]
[Round "8"]
[White "Lacrosse,M"]
[Black "In 't Veld,R"]
[Result "0-1"]
[WhiteElo "2202"]
[BlackElo "2102"]

1.d4 Nf6 2.c4 e6 3.Nf3 Bb4+ 4.Bd2 a5 5.g3 d6 6.Bg2 Nbd7 7.O-O e5 8.Bc1 exd4
9.Nxd4 Ne5 10.Qc2 O-O 11.b3 Re8 12.Bb2 c6 13.Nc3 h5 14.Rad1 h4 15.Na4 h3
16.Bh1 Bd7 17.a3 b5 18.Nc3 Bxc3 19.Qxc3 b4 20.axb4 axb4 21.Qc2 Qc8 22.Ra1 Rb8
23.Rfd1 c5 24.Nf3 Bf5 25.Qc1 Neg4 26.Bxf6 Nxf6 27.e3 Ne4 28.Nh4 Nc3 29.Rd2 Be4
30.f3 Bc6 31.e4 Ra8 32.Rxa8 Qxa8 33.Kf2 Qa3 34.Qb2 Nd1+  0-1

[Event "Najdorf Memorial Open"]
[Site "Warsaw POL"]
[Date "2008.08.08"]
[Round "7"]
[White "Vedrickas,T"]
[Black "Warszawski,B"]
[Result "1/2-1/2"]
[WhiteElo "2288"]
[BlackElo "2277"]

1.d4 Nf6 2.c4 e6 3.Nf3 Bb4+ 4.Bd2 Qe7 5.g3 Nc6 6.Nc3 Bxc3 7.Bxc3 Ne4 8.Qc2 Nxc3
9.Qxc3 Qb4 10.Rc1 a5 11.Bg2 d6 12.O-O Qxc3 13.Rxc3 O-O 14.d5 Nb4 15.a3 Na6
16.dxe6 fxe6 17.Nd4 c6 18.b3 e5 19.Nc2 Bg4 20.f3 Be6 21.e4 Rfd8 22.Rd1 Kf8
23.f4 Ke7 24.Ne3 Nc5 25.f5 Bf7 26.g4 a4 27.b4 Nb3 28.g5 Nd4 29.Rd2 b5 30.cxb5 cxb5
31.f6+ gxf6 32.gxf6+ Ke8 33.Nf5 Nxf5 34.exf5 d5 35.Rdc2 Ra6 36.Bf1  1/2-1/2

[Event "ch-Euro Seniors"]
[Site "Davos SUI"]
[Date "2008.08.09"]
[Round "1"]
[White "Chernikov,O1"]
[Black "Olgac,K"]
[Result "1-0"]
[WhiteElo "2406"]
[BlackElo "2085"]

1.d4 Nf6 2.c4 e6 3.Nf3 Bb4+ 4.Bd2 Qe7 5.g3 O-O 6.Bg2 d5 7.O-O c5 8.Bxb4 cxb4
9.Nbd2 dxc4 10.Nxc4 Nc6 11.Nfe5 Bd7 12.e3 Rac8 13.Qb3 Nd5 14.e4 Nf6 15.Rfd1 Rfd8
16.Qe3 b5 17.Nxc6 Bxc6 18.Ne5 Ba8 19.a4 bxa3 20.Rxa3 b4 21.Ra5 Rc7 22.Rda1 Rdc8
23.d5 exd5 24.exd5 Nd7 25.Nc6 Qf8 26.Ne7+ Qxe7 27.Qxe7 Nb6 28.Qe1 a6 29.Rxa6  1-0

[Event "Open"]
[Site "Ptuj SLO"]
[Date "2008.08.11"]
[Round "4"]
[White "Sakelsek,T"]
[Black "Zupe,M"]
[Result "1/2-1/2"]
[WhiteElo "2390"]
[BlackElo "2346"]

1.d4 Nf6 2.Nf3 e6 3.c4 Bb4+ 4.Bd2 a5 5.g3 d5 6.Qc2 Nc6 7.Bg2 dxc4 8.Qxc4 Qd5
9.Qxd5 exd5 10.Nc3 Bg4 11.e3 Bxc3 12.Bxc3 Ne4 13.O-O f6 14.Rfc1 Kd7 15.Nd2 Nxd2
16.Bxd2 Be6 17.Rc5 b6 18.Rc3 Ne7 19.Rac1 c6 20.Bf1 Rhc8 21.f3 f5  1/2-1/2

[Event "Open"]
[Site "Stare Mesto CZE"]
[Date "2008.08.11"]
[Round "5"]
[White "Roubalik,J"]
[Black "Rojicek,V"]
[Result "0-1"]
[WhiteElo "2168"]
[BlackElo "2346"]

1.d4 Nf6 2.c4 e6 3.Nf3 Bb4+ 4.Bd2 c5 5.Bxb4 cxb4 6.Nbd2 O-O 7.g3 d6 8.Bg2 Re8
9.O-O e5 10.e4 Nfd7 11.Qc2 Qe7 12.Rfe1 Nc6 13.d5 Ncb8 14.Rf1 a5 15.Ne1 Nc5
16.Nb3 Nbd7 17.Nxc5 Nxc5 18.Nd3 Qc7 19.f4 exf4 20.Rxf4 Bd7 21.Raf1 f6 22.Rh4 Rac8
23.Ne1 h6 24.Nf3 Qb6 25.Kh1 b3 26.axb3 Qxb3 27.Qd2 Nxe4 28.Qxa5 Qxb2 29.Re1 Rxc4
30.Rhxe4 Rcxe4 31.Rxe4 Rxe4 32.Qd8+ Be8 33.Qxd6 Qf2  0-1